|
|
|
|
| LEADER |
01330nam a2200373Ia 4500 |
| 001 |
EBC3444481 |
| 003 |
MiAaPQ |
| 005 |
20200520144314.0 |
| 006 |
m o d | |
| 007 |
cr cn||||||||| |
| 008 |
120210s2012 waua sb 001 0 eng d |
| 010 |
|
|
|z 2012004003
|
| 020 |
|
|
|z 0295991720 (pbk.)
|
| 020 |
|
|
|z 9780295804194
|
| 020 |
|
|
|z 9780295991726 (pbk.)
|
| 035 |
|
|
|a (MiAaPQ)EBC3444481
|
| 035 |
|
|
|a (Au-PeEL)EBL3444481
|
| 035 |
|
|
|a (CaPaEBR)ebr10597830
|
| 035 |
|
|
|a (CaONFJC)MIL810707
|
| 035 |
|
|
|a (OCoLC)810317788
|
| 040 |
|
|
|a MiAaPQ
|c MiAaPQ
|d MiAaPQ
|
| 050 |
|
4 |
|a HF1379
|b .L563 2012
|
| 082 |
0 |
4 |
|a 382/.3
|2 23
|
| 100 |
1 |
|
|a Linton, April.
|
| 245 |
1 |
0 |
|a Fair trade from the ground up
|h [electronic resource] :
|b new markets for social justice /
|c April Linton.
|
| 260 |
|
|
|a Seattle :
|b University of Washington Press,
|c 2012.
|
| 300 |
|
|
|a x, 195 p. :
|b ill.
|
| 504 |
|
|
|a Includes bibliographical references and index.
|
| 533 |
|
|
|a Electronic reproduction. Ann Arbor, MI : ProQuest, 2015. Available via World Wide Web. Access may be limited to ProQuest affiliated libraries.
|
| 650 |
|
0 |
|a International trade.
|
| 650 |
|
0 |
|a Social justice.
|
| 655 |
|
4 |
|a Electronic books.
|
| 710 |
2 |
|
|a ProQuest (Firm)
|
| 856 |
4 |
0 |
|u https://ebookcentral.proquest.com/lib/matrademy/detail.action?docID=3444481
|z Click to View
|